U.S. State Trivia by Letter - E - Statistics

General Stats
  • This quiz has been taken 182 times
  • The average score is 12 of 15
Answer Stats
Hint Answer % Correct
One of the Great Lakes Erie
98%
Natural disaster that destroyed San Francisco in 1906 Earthquake
95%
The King of Rock and Roll Elvis Presley
95%
"Country" that the U.S. gained independence from England
94%
National park in southern Florida Everglades
91%
President during the 1950s Eisenhower
89%
Most famous rapper from Michigan Eminem
88%
Monarch that Virginia is named after Elizabeth I
87%
State nickname of New York {Empire} State
86%
Famous inventor of the phonograph Edison
85%
Westernmost Texas city El Paso
81%
Multiple cities are named for this word supposedly yelled by Archimedes Eureka
77%
Large oil company based in Texas ExxonMobil
69%
City in Oregon right next to Springfield Eugene
59%
New Mexico is also known as the "Land of ___________" Enchantment
51%
No matching quizzes found
Score Distribution
Percent of People with Each Score
Percentile by Number Answered
Your Score History
You have not taken this quiz